000 00323nam a22001457a 4500
008 210514b ||||| |||| 00| 0 eng d
020 _a155766014
041 _aeng
080 _a159.9
082 _a159.9
100 _a48
101 _aPSI
245 _aSupport for Caresgiving Families
_cSinger,G.H
942 _2udc
_cBK
999 _c57316
_d57316